Bài tập hóa học hữu cơ : 1000 bài tập tự luận và trắc nghiệm

Nội dung bao gồm 17 chương về các khái niệm, các quy luật, các học thuyết quan trọng của hoá học hữu cơ biểu hiện muôn hình muôn vẻ trong mối quan hệ giữa cấu trúc và tính chất của hầu hết các loại hợp chất hữu cơ....

ver descrição completa

Na minha lista:
Detalhes bibliográficos
Autor principal: Nguyễn, Hữu Đĩnh
Formato: Livro
Idioma:Undetermined
Publicado em: Hà Nội Giáo dục 2012
Assuntos:
Tags: Adicionar Tag
Sem tags, seja o primeiro a adicionar uma tag!
Thư viện lưu trữ: Trung tâm Học liệu Trường Đại học Cần Thơ
LEADER 01045nam a2200229Ia 4500
001 CTU_191426
008 210402s9999 xx 000 0 und d
020 |c 75000 
082 |a 547.0076 
082 |b Đ312 
100 |a Nguyễn, Hữu Đĩnh 
245 0 |a Bài tập hóa học hữu cơ : 
245 0 |b 1000 bài tập tự luận và trắc nghiệm 
245 0 |c Nguyễn Hữu Đĩnh (chủ biên) 
260 |a Hà Nội 
260 |b Giáo dục 
260 |c 2012 
520 |a Nội dung bao gồm 17 chương về các khái niệm, các quy luật, các học thuyết quan trọng của hoá học hữu cơ biểu hiện muôn hình muôn vẻ trong mối quan hệ giữa cấu trúc và tính chất của hầu hết các loại hợp chất hữu cơ. 
650 |a Chemistry, organic,Hóa học hữu cơ 
650 |x Problems, exercises, etc. 
904 |i Hải 
980 |a Trung tâm Học liệu Trường Đại học Cần Thơ